Cost and management accounting
| Main Author: | |
|---|---|
| Format: | Book |
| Published: |
Oxford :
Made Simple ,
1990
|
| Subjects: |
MARC
| LEADER | 00000cam a2200000 7i4500 | ||
|---|---|---|---|
| 001 | 0000001038 | ||
| 002 | 000001148 | ||
| 005 | 20000330.0 | ||
| 020 | |a 0750608641 | ||
| 090 | 0 | 0 | |a 657 |b BAG |
| 100 | 0 | |a Baggott, Joseph | |
| 245 | 1 | 0 | |a Cost and management accounting |c Joseph Baggott |
| 260 | |a Oxford : |b Made Simple , |c 1990 | ||
| 300 | |a 395p ; |c 21cm. | ||
| 650 | 0 | 0 | |a Accounting |
| 999 | |a 030193 |b BUKU |c PINJAMAN |e PERPUSTAKAAN KOMUNITI PETALING JAYA | ||